| 000 | 00449ntaaa2200181 4500 | ||
|---|---|---|---|
| 003 | 01 | ||
| 005 | 20251027202035.0 | ||
| 008 | 0714s1973 ag 01 | ||
| 040 |
_aAR-BaBN _bspa _cAR-BaBN _eaacr _dRIC |
||
| 082 | _a251.0000 D217 | ||
| 100 |
_aDargan, Edwin Charles _919023 |
||
| 245 | _aA history of preaching | ||
| 250 | _a1 ed. | ||
| 260 |
_aNew York : _bA.C. Armstrong Son, _c1905 |
||
| 300 | _a2 tomos | ||
| 650 |
_apredicas _91354 |
||
| 942 | _cBK | ||
| 999 |
_c15203 _d15203 |
||